Τεχνική ανάπλαση ακτής Ε.Ο.Τ.

Saved in:
Bibliographic Details
Main Author: Σαραντινού, Αγγελική
Corporate Author: Πανεπιστήμιο Αιγαίου Σχολή Περιβάλλοντος Τμήμα Επιστημών της Θάλασσας Πρόγραμμα Μεταπτυχιακών Σπουδών Διαχείριση Παράκτιων Περιοχών
Format: Thesis Book
Language:Greek
Published: 2008.
Subjects:
Online Access:http://hdl.handle.net/11610/11596
Tags: Add Tag
No Tags, Be the first to tag this record!

MARC

LEADER 00000cam a2200000 i 4500
001 1/1256
008 090903s2008 gr | ||| |||| ||gre||
035 |l 10105531 
040 |a GR-MyUa  |b gre  |e AACR2 
041 0 |a gre 
082 7 |a 333.917   |2 (22) 
100 1 |a Σαραντινού, Αγγελική. 
245 1 0 |a Τεχνική ανάπλαση ακτής Ε.Ο.Τ. /   |c Σαραντινού Αγγελική ; επιβλέπων καθηγητής: Καραμπάς Θεοφάνης.  
260 |c 2008.  
300 |a 92 σ. :   |b πιν. ;   |c 30 εκ.  
502 |a Διατριβή (μεταπτυχιακή) - Πανεπιστήμιο Αιγαίου, Λέσβος, 2008.  
504 |a Βιβλιογραφία: σ. [129]. 
650 0 |a Bathing beaches. 
650 0 |a Seashore. 
650 0 |a Coastal zone management  |z Greece  |z Mytilene (Lesbos) 
650 0 |a Beaches  |z Greece  |z Mytilene (Lesbos) 
650 0 |a Dissertations, Academic  |z Greece. 
700 1 |a Καραμπάς, Θεοφάνης,  |e dgs 
710 2 |a Πανεπιστήμιο Αιγαίου  |b Σχολή Περιβάλλοντος  |b Τμήμα Επιστημών της Θάλασσας  |b Πρόγραμμα Μεταπτυχιακών Σπουδών Διαχείριση Παράκτιων Περιοχών. 
852 |a INST  |b LESVOS  |c DIATR  |e 20090903  |h 121  |p 005100046703  |q 005100046703  |t MTXE  |y 23 
852 |a INST  |b LESVOS  |c DIATR  |e 20090903  |h 122  |p 005100046704  |q 005100046704  |t MTXE  |y 23 
856 |u http://hdl.handle.net/11610/11596 
901 |a BIBL1-2009-3 
924 |a Σαραντινού  |b Αγγελική  |y Λέσβος  |z 2007-12 
970 |a ΤΖΑΦΕΡΗ  |b ΕΥΑΓΓΕΛΙΑ  |z 2009/09/03